000
00242nam a2200097Ia 4500
001
642424
005
20250826153526.0
008
250824s9999 xx 000 0 und d
245
0
_a
Kocakafa Nate 4/Beş Parasız
_c
Lincoln Peirce
260
_b
ALTIN
999
_c
642424
_d
642424